000 00593nam a22002057a 4500
008 240620b mp ||||| |||| 00| 0 mon d
035 _a18465
040 _aUM0146080
_bmon
_cMN-UlNLM
_dMN-UlNLM
_erda
041 _amon
042 _a77526
084 _2NNA
_a84/5Энэт/
_bЧ207
100 _aЧандар К.
245 0 _aУруугаа ургасан мод
264 _aУлаанбаатар
_bМон судар ХГ
_c2012
300 _a120х.
336 _2rdacontent
_atext
_btxt
337 _2rdamedia
_aunmediated
_bn
338 _2rdacarrier
_avolume
_bnc
942 _2NNA
_cBK
999 _c1021869
_d1021926